Calculus and analytic geometry /

Guardado en:
Autor Principal: Thomas, George B. 1914-2006.
Otros Autores: Finney, Ross L., Weir, Maurice D.
Formato: Libro
Idioma:English
Publicado: Reading, Mass. : Addison-Wesley, c1996.
Materias:
Etiquetas: Agregar Etiqueta
Sin Etiquetas, Sea el primero en etiquetar este registro!
LEADER 01172nam a22002775a 4500
001 EUN.eunm002003
005 20080722161004.0
008 041125s1996####maua##########001#0#eng#d
020 |a 0201531747 
082 0 4 |a 517  |2 15 
082 0 0 |a 515/.15  |2 20 
100 1 |a Thomas, George B.  |q (George Brinton),  |d 1914-2006.  |n n 79043672. 
245 1 0 |a Calculus and analytic geometry /  |c George B. Thomas, Jr., Ross L. Finney ; with the collaboration of Maurice D. Weir. 
260 |a Reading, Mass. :  |b Addison-Wesley,  |c c1996. 
300 |a xviii, 1139, [120] p. :  |b il. ;  |c 26 cm. 
500 |a Incluye índice. 
650 7 |a Matemáticas.  |2 unbist 
653 |a Cálculo 
653 |a Geometría analítica 
700 1 |a Finney, Ross L.  |n n 79032912. 
700 1 |a Weir, Maurice D.  |n n 80146694. 
859 |a AR-BaUNS  |b BIB. CENTRAL - Sector A  |h 517  |i T363-1a9  |p 110154/000 
859 |a AR-BaUNS  |b BIB. CENTRAL - Sector A  |h 517  |i T363-1a9  |p 110155/000  |t Ej.2 
859 |a AR-BaUNS  |b BIB. CENTRAL - Sector A  |h 517  |i T363-1a9  |p 110156/000  |t Ej.3 
859 |a AR-BaUNS  |b BIB. CENTRAL - Sector A  |h 517  |i T363-1a9  |p 110157/000  |t Ej.4 
859 |a AR-BaUNS  |b BIB. CENTRAL - Sector A  |h 517  |i T363-1a9  |p 110158/000  |t Ej.5